000 00740nam0a22002291 4500
001 rc\978317
005 20250622064053.0
035 _a(NLR Aleph) 006146543
090 _a5717487
_c5717487
100 _a20041129d1982 |||y0rusy50 ca
101 0 _arus
102 _aRU
105 _aa |||||||||
200 1 _aФадеев и Башкирия
_eСтатьи и воспоминания
_f[Составление и ред. М.Г. Рахимкулова]
210 _aУфа
_cБашк. кн. изд-во
_d1982
215 _a126 с.
_cил.
_d17
702 1 _aРахимкулов
_bМ.Г.
_gМурат Галимович
_4220
801 0 _aRU
_bNLR
_gpsbo
801 1 _aRU
_bELAR
_2rusmarc
852 _aNLR
_j82-2/1772
942 _cBOOK
980 _aNB